Les races jouables de Skyrim par images - Statistiques

Statistiques générales
  • Ce quiz a été pris 298 fois
  • Le résultat moyen est 8 sur 10
Statistiques - réponses
Par images Réponse % Correct
Nordique
93%
Elfe Noir
89%
Orque
89%
Khajiit
86%
Bréton
84%
Haut Elfe
84%
Elfe des Bois
82%
Argonien
81%
Rougegarde
79%
Impérial
76%
Aucun quiz correspondant
Distribution des résultats
% des personnes avec chaque résultat
Percentile par nombre de réponses
Votre historique - résultats
Vous n’avez pas pris ce quiz